Les Classiques Disney/Pixar Sortie entre 2020 et 2026 - Statistiques

Statistiques générales
  • Ce quiz a été pris 12 fois
  • Le résultat moyen est 7 sur 13
Statistiques - réponses
Indice Réponse % Correct
Juin 2024 Vice Versa 2
83%
Novembre 2021 Encanto, La Fantastique Famille Madrigal
75%
Juin 2021 Luca
75%
Novembre 2025 Zootopie 2
75%
Mars 2022 Alerte Rouge
67%
Mars 2021 Raya et Le dernier Dragon
50%
Novembre 2024 Vaiana 2
50%
Novembre 2023 Wish - Asha et la bonne étoile
50%
Juin 2022 Buzz L'éclair
42%
Mars 2026 Jumpers, Le Sauteurs
42%
Juin 2023 Elémentaire
33%
Décembre 2022 Avalonia, L'Etrange Voyage
33%
Juin 2025 Elio
25%
Aucun quiz correspondant
Distribution des résultats
% des personnes avec chaque résultat
Percentile par nombre de réponses
Votre historique - résultats
Vous n’avez pas pris ce quiz